The atlas finite groups ten years on

Saved in:
Bibliographic Details
Other Authors: Curtis, Robert 1946- (Editor), Wilson, Robert 1958- (Editor)
Format: Book
Language:English
Published: Cambridge, UK. ; : New York : Cambridge University Press, 1998
Series:London Mathematical Society lecture note series ; ; 249
Subjects:
Tags: Add Tag
No Tags, Be the first to tag this record!

MARC

LEADER 00000nam a2200000 i 4500
001 1/91971
008 991108s1998 eng d
020 |a 0-521-57587-7 
035 |l 10053846 
040 |a GR-MY-UA  |b gre  |e aacr 
041 0 |a eng 
082 0 |a 512.2 
245 1 4 |a The atlas finite groups ten years on /  |c edited by Robert Curtis and Robert Wilson 
260 |a Cambridge, UK. ; :   |a New York :   |b Cambridge University Press,   |c 1998 
300 |a xiii, 293 p.;  |b ill.;  |c 24 cm. 
490 1 |a London Mathematical Society lecture note series  |v ; 249 
500 |a "Proceedings of a conference held in Birmingham, England, July 10-13, 1995, to mark the 10th anniversary of the publication of the Atlas of finite groups" 
500 |a Includes bibliogarphical references 
650 0 0 |a Finite groups  |x Congresses. 
700 1 |a Curtis, Robert  |d 1946-  |4 edt 
700 1 |a Wilson, Robert  |d 1958-  |4 edt 
830 0 |a London Mathematical Society lecture note series ;  |v ; 249 
852 |a INST  |b SAMOS  |e 19991108  |h 512.2 ATL  |p 005300017099  |q 005300017099  |t BK  |y 0 
901 |a BIBL3-1999-3 
909 |a Σ  |b 067252 
922 |a 3ΕΛΗ  |b 199907  |c ΕΠΕΑΕΚ/ΜΑΘ  |d ΠΑΠΑΣΩΤΗΡΙΟΥ 
970 |a ΠΟΥΡΝΑΡΑΣ  |b ΔΗΜΗΤΡΗΣ  |z 1999/11/08